| 000 | 01174nam a2200265Ia 4500 | ||
|---|---|---|---|
| 003 | OSt | ||
| 005 | 20220930094721.0 | ||
| 006 | a|||||r|||| 00| 0 | ||
| 007 | ta | ||
| 008 | 220926b |||||||| |||| 00| 0 hin d | ||
| 024 | _a139 | ||
| 037 | _cTheses | ||
| 040 |
_aCRL _cCRL _bhin |
||
| 041 |
_2hin _ahin |
||
| 100 |
_aझा, गुंजन कुमार _9160017 |
||
| 110 | _aदिल्ली विश्वविद्यालय. संकाय कला. हिन्दी विभाग | ||
| 245 | 0 | _aस्वतंत्रतापूर्व हिन्दी नाटकों में गीत एवं संगीत की भूमिका | |
| 246 | _aSvatantratāpūrva hindī nāṭakoan mean gīt evan sangīt kī bhūmikā | ||
| 260 | _c2011 | ||
| 650 | _aहिन्दी साहित्य | ||
| 700 | _a गर्ग, मुकेश, गा. | ||
| 700 | _aदिल्ली विश्वविद्यालय. संकाय कला. हिन्दी विभाग | ||
| 942 |
_cDIS _2CC |
||
| 999 |
_c887551 _d887551 |
||